| 000 | 01291cam a2200301 a 4500 | ||
|---|---|---|---|
| 001 | 2127090 | ||
| 005 | 20080307104723.0 | ||
| 008 | 971106s1998 nyua b 001 0 eng | ||
| 010 | _a 97043749 | ||
| 020 | _a9781441931245 | ||
| 040 |
_aDLC _cDLC _dDLC |
||
| 050 | 0 | 0 |
_aTA418.9.C6 _bC43 1998 |
| 082 | 0 | 0 |
_a620.118 _222 _bCHA |
| 100 | 1 |
_aChawla, Krishan Kumar, _d1942- _929571 |
|
| 245 | 1 | 0 |
_aComposite Materials : _bScience and Engineering / _cKrishan K. Chawla. |
| 250 | _a2nd ed. | ||
| 260 |
_aNew York : _bSpringer, _c1998. |
||
| 300 |
_axi, 483 p. : _bill. ; _c24 cm. |
||
| 504 | _aIncludes bibliographical references and indexes. | ||
| 650 | 0 |
_aComposite materials. _929572 |
|
| 653 |
_bGen _cApril2012 |
||
| 830 | 0 |
_aMaterials research and engineering (Unnumbered) _929573 |
|
| 856 | 4 | 2 |
_3Publisher description _uhttp://www.loc.gov/catdir/enhancements/fy0815/97043749-d.html |
| 856 | 4 | 1 |
_3Table of contents only _uhttp://www.loc.gov/catdir/enhancements/fy0815/97043749-t.html |
| 942 |
_2ddc _cBB |
||
| 999 |
_c16629 _d16629 |
||